[Event "Gibraltar Masters 2019"]
[Site "Caleta ENG"]
[Date "2019.01.27"]
[Round "6.68"]
[White "Stewart,Ashley"]
[Black "Danielian,E"]
[Result "1-0"]
[WhiteElo "2122"]
[BlackElo "2427"]

1.c4 b6 2.e4 Bb7 3.Nc3 e6 4.Nf3 c5 5.d4 cxd4 6.Nxd4 Bb4 7.Bd3 Ne7 8.O-O O-O
9.Qe2 Ng6 10.f4 Nc6 11.Nf3 Bc5+ 12.Kh1 Nh4 13.Be3 f5 14.Nb5 Nxf3 15.Rxf3 a6
16.Nc3 Qh4 17.Rh3 Qg4 18.Qf2 Rab8 19.Rf1 Nb4 20.Bb1 a5 21.Bxc5 bxc5 22.Rg3 Qh5
23.Qxc5 Nc6 24.exf5 Rf6 25.Ne4 Rh6 26.Rh3 Qe2 27.Qf2 Qxf2 28.Nxf2 Rxh3 29.Nxh3 Bc8
30.Rf2 h6 31.fxe6 dxe6 32.Rd2 Ba6 33.Be4 Ne7 34.b3 a4 35.bxa4 Rb4 36.Rd7 Kf8
37.Ra7 Rxa4 38.Ra8+ Kf7 39.Bb7 Rxa2 40.Rxa6 Rc2 41.Ra4 Nf5 42.Kg1 Ne3 43.Be4 Rc3
44.Kf2 Nxc4 45.Ra7+ Kf6 46.Ng1 Nd6 47.Bf3 Nf5 48.Ne2 Rb3 49.Ra6 Rb2 50.Bg4 Nd4
51.Rd6 Nf5 52.Bxf5 Kxf5 53.Ke3 g5 54.fxg5 hxg5 55.Rd2 Rb3+ 56.Rd3 Rb1 57.Ng3+ Ke5
58.Ra3 g4 59.Ra5+ Kf6 60.Ne4+ Ke7 61.Rg5 Rh1 62.Rh5 Kf7 63.Kf4 Re1 64.Rh4  1-0

[Event "Gibraltar Masters 2019"]
[Site "Caleta ENG"]
[Date "2019.01.27"]
[Round "6.7"]
[White "Antipov,M2"]
[Black "Saric,Iv"]
[Result "0-1"]
[WhiteElo "2589"]
[BlackElo "2690"]

1.Nf3 d5 2.g3 g6 3.c4 dxc4 4.Qa4+ Nc6 5.Bg2 Bg7 6.Qxc4 Nh6 7.d3 Nf5 8.Nbd2 O-O
9.O-O a5 10.Qa4 Ncd4 11.Re1 c6 12.Nxd4 Qxd4 13.Qc2 Rd8 14.Nf3 Qb6 15.e3 c5
16.a4 Be6 17.Nd2 Rd7 18.Rb1 Rad8 19.Bf1 Qb4 20.Rd1 c4 21.dxc4 Nxe3 22.fxe3 Bf5
23.e4 Bg4  0-1

[Event "Gibraltar Masters 2019"]
[Site "Caleta ENG"]
[Date "2019.01.27"]
[Round "6.8"]
[White "Adhiban,Baskaran"]
[Black "Henderson de La Fuente,Lance"]
[Result "1-0"]
[WhiteElo "2689"]
[BlackElo "2489"]

1.c4 e5 2.Nc3 d6 3.g3 f5 4.d4 Be7 5.Bh3 Na6 6.dxe5 dxe5 7.Qxd8+ Bxd8 8.Nf3 Nb4
9.O-O Nc2 10.Rb1 e4 11.Nh4 Ne7 12.Bg5 Rf8 13.Rbd1 Nb4 14.f3 exf3 15.Rxf3 Nbc6
16.Nd5 Nxd5 17.Bxd8 Nxd8 18.Rxd5 g6 19.e4 c6 20.Rd1 f4 21.Bxc8 Rxc8 22.gxf4 Ne6
23.f5 Rd8 24.Rxd8+ Nxd8 25.Kf2 gxf5 26.Nxf5 Kd7 27.Ke3 Ne6 28.Nd4 Rxf3+ 29.Nxf3 Kd6
30.b4 Ke7 31.e5 Kf7 32.Ke4 Kg6 33.h4 h6 34.Nd4 Ng7 35.a4 Ne8 36.b5 cxb5 37.axb5 a5
38.b6 a4 39.c5 a3 40.c6  1-0

[Event "Gibraltar Masters 2019"]
[Site "Caleta ENG"]
[Date "2019.01.27"]
[Round "6.13"]
[White "Lalith,B"]
[Black "Cheparinov,I"]
[Result "1-0"]
[WhiteElo "2547"]
[BlackElo "2691"]

1.c4 f5 2.d4 Nf6 3.g3 g6 4.Bg2 d6 5.Nf3 Bg7 6.O-O O-O 7.Nc3 c6 8.Rb1 Ne4
9.Nxe4 fxe4 10.Nd2 d5 11.e3 a5 12.b4 axb4 13.Rxb4 Kh8 14.Qc2 Qd6 15.Qb3 Na6
16.Rb6 Nc7 17.a4 Qe6 18.Qc2 Qd7 19.Ba3 Ne6 20.Qb3 Ng5 21.cxd5 cxd5 22.Rb5 Nh3+
23.Bxh3 Qxh3 24.Qxd5 Bg4 25.Qxe4 Be2 26.Bxe7 Rfe8 27.Rxb7 Bxf1 28.Nxf1 Qc8
29.Qf3 Rb8 30.Rxb8 Qxb8 31.Qf7 Rc8 32.Bf6 Bxf6 33.Qxf6+ Kg8 34.Nd2 Rc1+ 35.Kg2 Qa8+
36.Nf3 Qd5 37.Qe7 Rc2 38.Qf6 Ra2 39.Qb6 Rc2 40.Qb8+ Kg7 41.Qf4 Qf5 42.Qxf5 gxf5
43.Ne5 Ra2 44.Kf3 Rxa4 45.g4 fxg4+ 46.Kxg4 Ra2 47.Kg3 Rd2 48.f3 Kf6 49.Nc6 h5
50.h4 Rd1 51.e4 Rg1+ 52.Kf2 Rh1 53.Kg2 Rxh4 54.Ne5  1-0

[Event "Gibraltar Masters 2019"]
[Site "Caleta ENG"]
[Date "2019.01.27"]
[Round "6.14"]
[White "Jones,G"]
[Black "Koneru,H"]
[Result "1/2-1/2"]
[WhiteElo "2691"]
[BlackElo "2541"]

1.d4 Nf6 2.c4 e6 3.Nc3 Bb4 4.g3 O-O 5.Bg2 d5 6.Nf3 dxc4 7.O-O Nc6 8.Qa4 Nd5
9.Qc2 Be7 10.Rd1 Ncb4 11.Qd2 c5 12.dxc5 Nxc3 13.bxc3 Nd5 14.Qc2 Qc7 15.Ng5 Bxg5
16.Bxg5 Qxc5 17.Rd4 Ne7 18.Bxe7 Qxe7 19.Rxc4 Rb8 20.Qb2 e5 21.Qb4 Re8 22.Bc6 Qxb4
23.Rxb4 Rd8 24.a4 b6 25.a5 Bb7 26.Bxb7 Rxb7 27.axb6 axb6 28.Rab1 Rc7 29.R1b3 Rdc8
30.Rxb6 f6 31.g4 Rxc3  1/2-1/2

[Event "Gibraltar Masters 2019"]
[Site "Caleta ENG"]
[Date "2019.01.27"]
[Round "6.15"]
[White "Santos Ruiz,Miguel"]
[Black "Eljanov,P"]
[Result "0-1"]
[WhiteElo "2543"]
[BlackElo "2680"]

1.d4 Nf6 2.c4 e6 3.Nc3 Bb4 4.Qc2 O-O 5.e4 d6 6.e5 Bxc3+ 7.Qxc3 Ne4 8.Qe3 f5
9.exf6 Nxf6 10.Nf3 e5 11.dxe5 dxe5 12.Be2 e4 13.Nd4 Bg4 14.O-O Bxe2 15.Nxe2 Nc6
16.b3 Nb4 17.Qc3 Nd3 18.Bg5 Qe8 19.Nf4 h6 20.Nxd3 hxg5 21.Nb4 c6 22.Nc2 Nh5
23.Rae1 Nf4 24.f3 Rd8 25.Qe3 Qh5 26.Rd1 Rxd1 27.Rxd1 exf3 28.gxf3 g4 29.Rf1 Qg6  0-1

[Event "Gibraltar Masters 2019"]
[Site "Caleta ENG"]
[Date "2019.01.27"]
[Round "6.17"]
[White "Muzychuk,M"]
[Black "Melkumyan,H"]
[Result "1-0"]
[WhiteElo "2540"]
[BlackElo "2660"]

1.e4 c5 2.Nf3 Nc6 3.d4 cxd4 4.Nxd4 Nf6 5.Nc3 e5 6.Ndb5 d6 7.Bg5 a6 8.Na3 b5
9.Bxf6 gxf6 10.Nd5 Bg7 11.Bd3 Ne7 12.Nxe7 Qxe7 13.O-O O-O 14.c4 f5 15.Qf3 Qb7
16.exf5 Qxf3 17.gxf3 e4 18.Bxe4 d5 19.Bxd5 Bxf5 20.Bxa8 Rxa8 21.Rae1 Bxb2
22.Re3 b4 23.Nb1 a5 24.Nd2 a4 25.c5 Bd4 26.Re7 Be6 27.c6 Rc8 28.Rb7 Bc3 29.c7 Bxd2
30.Rd1 Bc3 31.Rd8+ Kg7 32.Rxc8 Bxc8 33.Rb8 Bh3 34.c8=Q Bxc8 35.Rxc8 Kf6 36.Rc5 a3
37.Kf1 Ke6 38.Ke2 Kd6 39.Rc4 Kd5 40.Kd3 Be1 41.Re4 Bc3 42.Kc2 f5 43.Rh4 Be5
44.Kb3  1-0

[Event "Gibraltar Masters 2019"]
[Site "Caleta ENG"]
[Date "2019.01.27"]
[Round "6.18"]
[White "Alekseenko,K"]
[Black "Ernst,S"]
[Result "1-0"]
[WhiteElo "2637"]
[BlackElo "2540"]

1.e4 e5 2.Nf3 Nc6 3.Bb5 a6 4.Ba4 Nf6 5.O-O Nxe4 6.d4 Be7 7.Re1 b5 8.Rxe4 d5
9.Nxe5 Nxe5 10.Rxe5 bxa4 11.Qe2 Be6 12.f4 g6 13.Nc3 a3 14.b3 Bb4 15.Na4 O-O
16.Bd2 Bd6 17.Nc5 Bf5 18.Bb4 Bxe5 19.fxe5 Qh4 20.c3 a5 21.Bxa3 Rfe8 22.Rf1 f6
23.e6 a4 24.bxa4 Qg4 25.Qe1 Be4 26.Qf2 Bf5 27.h3 Qh5 28.g4 Qxh3 29.gxf5 Kh8
30.fxg6 Rg8 31.Qxf6+ Rg7 32.Rf3 Qh5 33.e7  1-0

[Event "Gibraltar Masters 2019"]
[Site "Caleta ENG"]
[Date "2019.01.27"]
[Round "6.19"]
[White "Indjic,A"]
[Black "Sadzikowski,D"]
[Result "1/2-1/2"]
[WhiteElo "2630"]
[BlackElo "2534"]

1.d4 Nf6 2.c4 e6 3.Nf3 d5 4.Nc3 dxc4 5.e3 a6 6.Bxc4 b5 7.Bd3 Bb7 8.O-O Nbd7
9.Qe2 c5 10.Rd1 cxd4 11.Nxd4 Qb8 12.Nb3 Bd6 13.h3 b4 14.Nb1 O-O 15.Na5 Be4
16.Bxe4 Nxe4 17.Nd2 Nef6 18.Nac4 Be7 19.Nf3 Rc8 20.e4 Nb6 21.Bf4 Qb7 22.Nd6 Bxd6
23.Rxd6 Na4 24.Rd4 Nc5 25.Re1 a5 26.Nd2 Rd8 27.Qc4 Rdc8 28.Qe2 Rd8 29.Bd6 Qc6
30.e5 Nb7 31.exf6 Nxd6 32.Qd3 Qb6 33.Nc4 Nxc4 34.Qg3 g6 35.Rxc4 Rd5 36.Re5 h5
37.Rg5 Rxg5 38.Qxg5 Qd8 39.Qf4 e5 40.Qxe5 Ra6 41.Rc5 Re6 42.Rd5 Rxe5 43.Rxd8+ Kh7
44.Rf8 Re1+ 45.Kh2 Re2 46.Rxf7+ Kg8 47.Rg7+ Kf8 48.b3 Rxf2 49.Rxg6 Rxa2 50.Rh6 Kf7
51.Rxh5 Kxf6 52.h4 Ra3 53.Rb5 Rxb3 54.Rxa5 Rc3 55.Rb5 b3 56.g3 Rc2+ 57.Kh3 b2
58.Rb6+ Kf5 59.g4+ Ke5 60.h5 Kf4 61.Rb4+ Kg5 62.Rb5+ Kf4 63.Rf5+ Ke4 64.Rb5 Kf4  1/2-1/2

[Event "Gibraltar Masters 2019"]
[Site "Caleta ENG"]
[Date "2019.01.27"]
[Round "6.20"]
[White "Tari,A"]
[Black "Dragnev,Valentin"]
[Result "1-0"]
[WhiteElo "2625"]
[BlackElo "2511"]

1.e4 e5 2.Nf3 Nc6 3.Bb5 a6 4.Ba4 Nf6 5.O-O Be7 6.Re1 d6 7.c3 Bg4 8.d3 Nd7
9.Nbd2 Nc5 10.h3 Bh5 11.Bxc6+ bxc6 12.d4 Nd3 13.Re3 Nxc1 14.Qa4 Qd7 15.Rxc1 f6
16.Rd3 O-O 17.dxe5 fxe5 18.Nxe5 Qe6 19.Nxc6 Bg5 20.Nd4 Qh6 21.Qc2 Rae8 22.Rf1 Bg6
23.Nf5 Bxf5 24.exf5 Rxf5 25.Nf3 Bf6 26.Qa4 Rb5 27.Qxa6 Rxb2 28.Qc4+ Kh8 29.Qxc7 Rxa2
30.Rxd6 Qh5 31.c4 h6 32.c5 Ra3 33.Qd7 Rxf3 34.gxf3 Re5 35.f4 Rf5 36.c6 Qxh3
37.Rd3  1-0

[Event "Gibraltar Masters 2019"]
[Site "Caleta ENG"]
[Date "2019.01.27"]
[Round "6.22"]
[White "Harsha,B"]
[Black "Jumabayev,R"]
[Result "0-1"]
[WhiteElo "2481"]
[BlackElo "2604"]

1.c4 c5 2.Nf3 d6 3.d4 cxd4 4.Nxd4 g6 5.e4 Nc6 6.Nc3 Nf6 7.Be2 Nxd4 8.Qxd4 Bg7
9.Be3 O-O 10.Qd2 a5 11.O-O a4 12.Rac1 Be6 13.f3 Nd7 14.Rfd1 Qa5 15.Nd5 Bxd5
16.cxd5 Nc5 17.Qxa5 Rxa5 18.Rc2 f5 19.exf5 Rxf5 20.f4 Rf8 21.g3 Raa8 22.Bg4 Ra5
23.Be2 Raa8 24.Bd4 Rfc8 25.Bxg7 Kxg7 26.Rd4 a3 27.b4 Na4 28.Rxc8 Rxc8 29.Rc4 Rb8
30.Rc7 Kf6 31.Kf2 h6 32.Ke3 g5 33.Bg4 gxf4+ 34.Kxf4 Rg8 35.h4 Ra8 36.Be6 Nb2
37.Rxb7 Nd3+ 38.Ke3 Nc1 39.b5 Nxa2 40.b6 Nb4 41.Ra7 Rb8 42.b7 a2 43.Bc8 a1=Q
44.Rxa1 Nc2+ 45.Kd3 Nxa1 46.Kc3 h5  0-1

[Event "Gibraltar Masters 2019"]
[Site "Caleta ENG"]
[Date "2019.01.27"]
[Round "6.23"]
[White "Lagarde,Max"]
[Black "Chandra,Akshat"]
[Result "1/2-1/2"]
[WhiteElo "2604"]
[BlackElo "2492"]

1.e4 e5 2.Nf3 Nc6 3.Bb5 Nf6 4.O-O Nxe4 5.Re1 Nd6 6.Nxe5 Be7 7.Bf1 Nxe5 8.Rxe5 O-O
9.d4 Bf6 10.Re1 Re8 11.Rxe8+ Nxe8 12.d5 d6 13.Qd3 c6 14.c4 Nc7 15.Nc3 cxd5
16.cxd5 b6 17.Bf4 Bb7 18.Rd1 Qe7 19.Ne4 Be5 20.Bg5 f6 21.Bc1 Bxd5 22.f4 Bxb2
23.Bxb2 Bxe4 24.Qxd6 Qxd6 25.Rxd6 Bd5 26.Rd7 Rc8 27.a4 Bb3 28.g4 Be6 29.Rd6 Bxg4
30.Bc4+ Kf8 31.Ba3 Ke8 32.Bd3 Rd8 33.Bxh7 Rxd6 34.Bxd6 Kd7 35.Ba3 Ne6 36.Kf2 a5
37.Ke3 Bd1 38.Bf5 Bxa4 39.h4 Bb3 40.h5 Bd1 41.Bf8 Bxh5 42.Bxg7 Ke7 43.Bxe6 Kxe6
44.Bf8 Kd5 45.Be7 f5 46.Bd8 Kc5 47.Be7+ Kb5 48.Bd8 Ka6 49.Kd4 b5 50.Kc5 b4
51.Bc7 b3 52.Be5 Be2  1/2-1/2

[Event "Gibraltar Masters 2019"]
[Site "Caleta ENG"]
[Date "2019.01.27"]
[Round "6.24"]
[White "Tsolakidou,Stavroula"]
[Black "Deac,Bogdan-Daniel"]
[Result "0-1"]
[WhiteElo "2414"]
[BlackElo "2603"]

1.e4 c5 2.Nf3 Nc6 3.Bb5 g6 4.O-O Bg7 5.c3 Nf6 6.Re1 O-O 7.h3 Qb6 8.Ba4 Ne8
9.Bxc6 bxc6 10.d4 Nc7 11.b3 d6 12.Be3 cxd4 13.cxd4 f5 14.e5 f4 15.Bc1 dxe5
16.dxe5 c5 17.Nbd2 Bf5 18.Bb2 Rad8 19.Qc1 Bd3 20.Ne4 Ne6 21.Ba3 Rc8 22.Qc3 Qa6
23.Bb2 c4 24.Ned2 cxb3 25.Qxb3 Rb8 26.Qa3 Rb6 27.Nb3 Re8 28.Rad1 Bb5 29.Nbd4 Bc4
30.Qxa6 Rxa6 31.Nxe6 Bxe6 32.a3 h6 33.Re4 g5 34.Rb4 Rc8 35.Rdd4 Rc7 36.Rd8+ Kf7
37.Kf1 Ra5 38.Rbd4 Rb5 39.Rb4 Rbc5 40.Rbd4 a5 41.Rd2 Rb7 42.a4 Rc4 43.R8d4 Rbb4
44.Rxc4 Bxc4+ 45.Kg1 Rxa4 46.Rd4 Ra2 47.Rxc4 Rxb2 48.Rc5 a4 49.Ra5 Ra2 50.Nd4 a3
51.Nf5 Ra1+ 52.Kh2 a2 53.Ra7 Bxe5 54.Nxh6+ Ke6 55.Ng4 Bd4 56.Ra4 Kd5  0-1

[Event "Gibraltar Masters 2019"]
[Site "Caleta ENG"]
[Date "2019.01.27"]
[Round "6.25"]
[White "Ladron de Guevara Pinto,P"]
[Black "Svane,R"]
[Result "0-1"]
[WhiteElo "2418"]
[BlackElo "2594"]

1.e4 c6 2.d4 d5 3.exd5 cxd5 4.Bd3 Nc6 5.c3 Nf6 6.Bf4 Bg4 7.Qb3 Qd7 8.Nd2 e6
9.Ngf3 Bd6 10.Bxd6 Qxd6 11.O-O O-O 12.Rfe1 Qc7 13.Ne5 Bh5 14.h3 Rfc8 15.a4 Rab8
16.Qa3 Nxe5 17.Rxe5 Bg6 18.Bxg6 hxg6 19.a5 Ne8 20.g3 b6 21.axb6 axb6 22.Ree1 b5
23.Qb4 Qd6 24.Qxd6 Nxd6 25.Ra6 Nc4 26.Nxc4 bxc4 27.Ra2 g5 28.Kg2 Kh7 29.g4 Kg6
30.Kg3 Kf6 31.Kf3 Ra8 32.Rxa8 Rxa8 33.Kg3 Rb8 34.Re2 Rh8 35.Re1 Ke7 36.f3 Rb8
37.Re2 Kd6 38.f4 gxf4+ 39.Kxf4 Ra8 40.Re1 Rh8 41.Kg3 Rb8 42.Re2 f6 43.h4 e5
44.dxe5+ fxe5 45.h5 d4 46.cxd4 Rb3+ 47.Kh4 exd4 48.g5 d3 49.Rg2 Rxb2 50.Rxb2 c3
51.Rb6+ Kc5 52.Rb3 c2 53.Rc3+ Kb4 54.h6 gxh6 55.gxh6 Kxc3 56.h7 c1=Q 57.h8=Q+ Kc2
58.Qc8+ Kd2 59.Qa6 Qc3 60.Qb6 Kc2 61.Qg6 Qd4+ 62.Kh3 Kb2  0-1

[Event "Gibraltar Masters 2019"]
[Site "Caleta ENG"]
[Date "2019.01.27"]
[Round "6.26"]
[White "Howell,D"]
[Black "Lei Tingjie"]
[Result "1-0"]
[WhiteElo "2685"]
[BlackElo "2447"]

1.e4 e6 2.d3 c5 3.f4 Nc6 4.Nf3 d5 5.Be2 g6 6.c3 Bg7 7.e5 Nge7 8.d4 cxd4 9.cxd4 Nf5
10.Na3 f6 11.Nc2 Qb6 12.Rb1 a5 13.g4 Nfe7 14.Be3 Nb4 15.a3 Nxc2+ 16.Qxc2 Bd7
17.O-O f5 18.g5 Kf7 19.h4 Rhc8 20.Qd3 Rc7 21.Bd2 Rac8 22.Bc3 Nc6 23.h5 Qa7
24.Qd2 b6 25.Kf2 Qb7 26.Rh1 Kg8 27.Bd3 Ra8 28.Qe2 Ne7 29.Nd2 Ba4 30.Rbc1 Be8
31.hxg6 hxg6 32.Rh3 Qc8 33.Rhh1 Nc6 34.Ra1 Ne7 35.Ke3 Qb7 36.Rac1 Qc8 37.Rh3 Rb8
38.Qh2 Kf8 39.Qe2 Bf7 40.Ba6 Qd7 41.Bb5 Qd8 42.a4 Be8 43.Nb1 Bxb5 44.Qxb5 Nc6
45.Rch1 Kf7 46.Rh7 Qd7 47.Qe2 Rcc8 48.Qb5 Rc7 49.R1h6 Ne7 50.Na3 Kg8 51.Qe2 Bxh6
52.Rxh6 Rxc3+ 53.bxc3 Qxa4 54.Qh2 Rf8 55.Rh8+ Kf7 56.Rh7+ Ke8 57.Qb2 Rf7
58.Rh8+ Rf8 59.Rh7 Rf7 60.Rh1 Qc6 61.Nb5 Nc8 62.Rh8+ Rf8 63.Rh7 Rf7 64.Rh8+ Rf8
65.Rh6 Qc4 66.Rxg6 Rh8 67.Rxe6+ Kf7 68.Rh6 Rxh6 69.gxh6 Qf1 70.Qh2 Qe1+ 71.Kf3 Qf1+
72.Kg3 Kg6 73.h7 Qe1+ 74.Kf3 Qe4+ 75.Kg3 Qe1+ 76.Qf2 Qxf2+ 77.Kxf2 Kxh7 78.c4 Ne7
79.Nc3 dxc4 80.d5 a4 81.d6 Nc6 82.e6 Kg7 83.Nxa4 b5 84.Nb6 c3 85.Ke3 c2 86.Kd2 b4
87.e7 Kf7 88.Nd5 b3 89.d7  1-0

[Event "Gibraltar Masters 2019"]
[Site "Caleta ENG"]
[Date "2019.01.27"]
[Round "6.27"]
[White "Bilguun,Sumiya"]
[Black "Akobian,V"]
[Result "1/2-1/2"]
[WhiteElo "2471"]
[BlackElo "2643"]

1.e4 e5 2.Bc4 Nf6 3.d3 Nc6 4.Nf3 Bc5 5.O-O d6 6.a4 a5 7.c3 O-O 8.h3 h6 9.Re1 Be6
10.Nbd2 Kh8 11.Bb3 Qd7 12.Nf1 Bxb3 13.Qxb3 Ng8 14.Ng3 Nge7 15.Nh4 Qe6 16.Qc2 Qf6
17.Nhf5 Nxf5 18.Nxf5 h5 19.g3 g6 20.Nh4 Nd8 21.Bh6 Re8 22.Be3 Ne6 23.Qd2 Rad8
24.Qe2 Kg7 25.Nf3 Bxe3 26.Qxe3 d5 27.exd5 Rxd5 28.h4 Qf5 29.Nxe5 f6 30.Nf3 Qxd3
31.Nd4 Qxe3 32.Rxe3 Kf7 33.Nxe6 Rxe6 34.Rae1 Rxe3 35.Rxe3 Rd2 36.b3 Rd6 37.Kg2 Rb6
38.c4 Rd6 39.f4 Rd2+ 40.Kf3 b6 41.Ke4 f5+ 42.Kf3 Kf6 43.Re2 Rd3+ 44.Re3 Rd2
45.Re2 Rxe2 46.Kxe2 Ke6 47.Kd3 Kd7 48.Kc3 Kd6 49.Kd4 c5+  1/2-1/2

[Event "Gibraltar Masters 2019"]
[Site "Caleta ENG"]
[Date "2019.01.27"]
[Round "6.28"]
[White "Pogonina,N"]
[Black "Anton Guijarro,D"]
[Result "0-1"]
[WhiteElo "2465"]
[BlackElo "2642"]

1.d4 Nf6 2.c4 e6 3.g3 d5 4.Bg2 Be7 5.Nf3 O-O 6.O-O Nbd7 7.Qc2 c6 8.Nbd2 b6
9.e4 dxc4 10.Nxc4 Bb7 11.Nfe5 c5 12.Nxd7 Qxd7 13.dxc5 Bxc5 14.Bg5 Rac8 15.Qe2 Qb5
16.Bxf6 gxf6 17.b3 Be7 18.Rfd1 Rfd8 19.h4 Qc5 20.Ne3 b5 21.Ng4 h5 22.b4 Qxb4
23.Nh6+ Kg7 24.Qxh5 Rf8 25.Rab1 Qc5 26.Qxc5 Bxc5 27.Ng4 Bc6 28.e5 f5 29.Nf6 b4
30.Bxc6 Rxc6 31.Rd7 a5 32.h5 Bb6 33.Rb2 Bc7 34.f4 Bd8 35.Rh2 Bxf6 36.exf6+ Kxf6
37.Ra7 Rc5 38.h6 Kg6 39.h7 Rh8 40.Kg2 Rxh7 41.Rxh7 Kxh7 42.Kh3 Kg6 43.Ra6 Rd5
44.Ra7 f6 45.Ra6 e5 46.fxe5 Rxe5 47.Ra7 Rc5 48.Rb7 Rc3 49.Rd7 Ra3 50.Rd2 f4  0-1

[Event "Gibraltar Masters 2019"]
[Site "Caleta ENG"]
[Date "2019.01.27"]
[Round "6.29"]
[White "Abel,D"]
[Black "Vocaturo,D"]
[Result "1-0"]
[WhiteElo "2458"]
[BlackElo "2626"]

1.d4 Nf6 2.c4 c5 3.Nf3 cxd4 4.Nxd4 e6 5.Nc3 Bb4 6.Bd2 Nc6 7.e3 O-O 8.a3 Be7
9.Be2 d5 10.cxd5 Nxd4 11.exd4 Nxd5 12.O-O Nb6 13.Bf4 Bf6 14.Be5 Bd7 15.Bf3 Bc6
16.Bxc6 bxc6 17.Rc1 Nd7 18.Qe2 Qa5 19.Bxf6 Nxf6 20.Ne4 Nxe4 21.Qxe4 Rab8
22.Rc2 Rb6 23.Rfc1 g6 24.Qe3 Qd5 25.b4 Rd8 26.Rc4 Rd6 27.g3 Ra6 28.Qc3 Qb5
29.Rc5 Qb6 30.Qf3 Kg7 31.b5 Ra4 32.bxc6 Rd8 33.c7 Rc8 34.d5 exd5 35.Qxd5 Rxa3
36.Rc6 Qb2 37.Qd7 Rf3 38.Rf1 Qb7 39.Qd4+ Kg8 40.Qd5 Rb3 41.Qd8+ Kg7 42.Qd4+ Kg8
43.Qd7 Kg7 44.Qd4+ Kg8 45.Rcc1 Rb6 46.Rfd1 Re6 47.Qf4 Ree8 48.Rd7 Rf8 49.h4 Qb5
50.Qd6 Qb2 51.Rd1 Qb6 52.Qe7 Rce8 53.Qg5 h5 54.Re7 Rc8 55.Rdd7 Kg7 56.Qd5 Qb1+
57.Kg2 Qf5 58.Qd4+ Qf6 59.Qxa7 Ra8 60.Qb7 Ra2 61.Qf3 Qxf3+ 62.Kxf3 Raa8 63.Rd6 Rfc8
64.Kg2 Rf8 65.Red7 Rfc8 66.Rd8 Kh7 67.Kh2 Kg7 68.Kh3 Kh7 69.Kg2 Kg7 70.Rd4 Kf6
71.Rd3 Kg7 72.R3d6 Kh7 73.Rxc8 Rxc8 74.Rc6 Kg7 75.f3 Kf8 76.g4 Ke7 77.gxh5 gxh5
78.Kg3 Kd7 79.Rc5 Rg8+ 80.Kf4 Kc8 81.Rxh5 Kxc7 82.Rd5 Kc6 83.Rd1 f6 84.h5 Rh8
85.Kg4 Kc7 86.f4 Rh6 87.Kf5 Kc6 88.Ke6 Kc7  1-0

[Event "Gibraltar Masters 2019"]
[Site "Caleta ENG"]
[Date "2019.01.27"]
[Round "6.30"]
[White "Donchenko,Alexa"]
[Black "Iniyan,P"]
[Result "1-0"]
[WhiteElo "2604"]
[BlackElo "2456"]

1.d4 Nf6 2.Nf3 g6 3.g3 Bg7 4.Bg2 O-O 5.O-O d6 6.b3 Nbd7 7.Bb2 e5 8.dxe5 Ng4
9.Qd2 Ngxe5 10.Nxe5 Nxe5 11.c4 Bd7 12.Nc3 Bc6 13.Nd5 a5 14.e4 Bxd5 15.cxd5 b5
16.Rac1 b4 17.f4 Nd7 18.Bxg7 Kxg7 19.Qd4+ f6 20.Bh3 Nc5 21.e5 a4 22.e6 axb3
23.axb3 Qb8 24.Rf3 Ra3 25.Rb1 Qb6 26.Bf1 Na4 27.Rd1 Rb8 28.Qxb6 Nxb6 29.g4 Ra5
30.Rfd3 Rc5 31.Rd4 Nc8 32.Ra1 Ne7 33.Bc4 h6 34.Kf2 g5 35.f5 h5 36.h3 h4 37.Rd2 Nc8
38.Ra4 Kf8 39.Rda2 Ne7 40.Ra8 Rxa8 41.Rxa8+ Kg7 42.Re8 Nxd5 43.Bxd5 Rxd5
44.Rc8 Re5 45.Rxc7+ Kf8 46.Rf7+ Ke8 47.Rxf6 d5 48.Rg6 d4 49.Rxg5 Kf8 50.Rh5 Kg8
51.Rxh4 d3 52.g5 d2 53.Rd4 Rxf5+ 54.Ke2 Rxg5 55.Rg4  1-0

[Event "Gibraltar Masters 2019"]
[Site "Caleta ENG"]
[Date "2019.01.27"]
[Round "6.31"]
[White "Mikhalevski,V"]
[Black "Szczepkowska Horowska,K"]
[Result "1/2-1/2"]
[WhiteElo "2581"]
[BlackElo "2426"]

1.c4 Nf6 2.g3 e6 3.Bg2 d5 4.d4 Bb4+ 5.Nd2 O-O 6.Nf3 dxc4 7.Qc2 c5 8.dxc5 c3
9.bxc3 Bxc5 10.Nb3 Be7 11.O-O Nc6 12.Nfd4 Bd7 13.Nxc6 Bxc6 14.Bxc6 bxc6 15.c4 c5
16.Bd2 Qc8 17.e4 Nd7 18.f4 e5 19.Rad1 exf4 20.gxf4 Nb6 21.f5 f6 22.Bf4 Qa6
23.Rc1 Rad8 24.Rf3 Rf7 25.Rh3 Bf8 26.Qe2 Rfd7 27.e5 fxe5 28.Bxe5 Nc8 29.Bc3 Rf7
30.Qh5 h6 31.Na5 Be7 32.Re1 Qb6 33.Qg6 Rd6 34.Qg4 Rd8 35.Rhe3 Bg5 36.Re6 Qc7
37.Nc6 Rdf8 38.Be5 Qd7 39.Rd1 Qb7 40.h4 Rxf5 41.Rg6 Be3+ 42.Kg2 Rf2+ 43.Kh1 R2f7
44.Qe6 Kh7 45.Rxg7+ Rxg7 46.Bxg7 Qxg7 47.Qe4+ Kh8 48.Qxe3 Rg8 49.Qe5 Nb6
50.Rd6 Kh7 51.Qf5+ Kh8 52.Qf6 Kh7 53.Qf5+ Kh8 54.Qe5 Kh7 55.Qe4+ Kh8 56.Qe5  1/2-1/2

[Event "Gibraltar Masters 2019"]
[Site "Caleta ENG"]
[Date "2019.01.27"]
[Round "6.32"]
[White "Haldorsen,Benjamin"]
[Black "Peralta,Fe"]
[Result "1/2-1/2"]
[WhiteElo "2454"]
[BlackElo "2580"]

1.e4 e6 2.d4 d5 3.Nc3 Nf6 4.e5 Nfd7 5.f4 c5 6.Nf3 Nc6 7.Be3 a6 8.Qd2 b5 9.a3 Qa5
10.dxc5 Bxc5 11.Bxc5 Nxc5 12.Nd4 Nxd4 13.Qxd4 Na4 14.b4 Qb6 15.Qxb6 Nxb6
16.Bd3 Bd7 17.Ne2 Ke7 18.Nd4 g6 19.Ke2 h5 20.g3 Rac8 21.Nb3 Na4 22.Ke3 Rcg8
23.h4 Rc8 24.Kd4 Rc7 25.Rhg1 Rcc8 26.Rg2 Rh6 27.Re2 Rhh8 28.Rg2 Rh6 29.Re2 Rhh8
30.Rg2  1/2-1/2

[Event "Gibraltar Masters 2019"]
[Site "Caleta ENG"]
[Date "2019.01.27"]
[Round "6.33"]
[White "Ju Wenjun"]
[Black "Solozhenkin,E"]
[Result "1/2-1/2"]
[WhiteElo "2575"]
[BlackElo "2427"]

1.e4 c6 2.d4 d5 3.e5 Bf5 4.Nf3 e6 5.Be2 c5 6.Be3 Qb6 7.Nc3 c4 8.Rb1 Bb4 9.Nh4 Ne7
10.O-O Bxc3 11.bxc3 Qc7 12.Bg4 Nbc6 13.Nxf5 exf5 14.Bh3 O-O 15.Qf3 Qd7 16.Rfe1 b6
17.Kh1 f6 18.exf6 Rxf6 19.g3 h6 20.Bg2 Rd8 21.h4 f4 22.gxf4 Nf5 23.Qh3 Nce7
24.Bd2 Qa4 25.Rb2 h5 26.Re5 g6 27.Kg1 Kg7 28.Bc1 Rd7 29.Kf1 Kh7 30.Kg1 Kg7
31.Kf1 Kh7 32.Kg1  1/2-1/2

[Event "Gibraltar Masters 2019"]
[Site "Caleta ENG"]
[Date "2019.01.27"]
[Round "6.34"]
[White "Larino Nieto,D"]
[Black "Karthikeyan,M2"]
[Result "0-1"]
[WhiteElo "2432"]
[BlackElo "2570"]

1.Nf3 Nf6 2.b3 g6 3.Bb2 Bg7 4.g3 O-O 5.Bg2 d6 6.d4 b5 7.Nfd2 c6 8.O-O Bb7
9.c4 b4 10.a3 a5 11.e4 Na6 12.a4 e5 13.c5 exd4 14.cxd6 Qxd6 15.Nc4 Qc7 16.Qxd4 Rfd8
17.Qe3 Ng4 18.Qe2 Ne5 19.Nxe5 Bxe5 20.Rc1 Bxb2 21.Qxb2 Qe7 22.Qc2 Nc5 23.Nd2 Rxd2
24.Qxd2 Nxb3 25.Qb2 Nxa1 26.h4 c5 27.h5 Qg5 28.Qxa1 Qxh5 29.Qf6 Re8 30.Qb6 Bxe4
31.Qb5 Re6 32.Rxc5 Qd1+ 33.Kh2 Bxg2 34.Kxg2 Rf6 35.Qe8+ Kg7 36.Qe3 Qxa4 37.Qd4 Qa3
38.f4 Qa2+ 39.Kh3 Qe6+ 40.Kh4 h5 41.f5 gxf5 42.Kg5 Qd6 43.Qxd6 Rxd6 44.Rxa5 Rb6
45.Ra2 b3 46.Rb2 Rb5 47.Kxh5 Kf6  0-1

[Event "Gibraltar Masters 2019"]
[Site "Caleta ENG"]
[Date "2019.01.27"]
[Round "6.35"]
[White "Muzychuk,A"]
[Black "Bjerre,Jonas Buhl"]
[Result "1-0"]
[WhiteElo "2569"]
[BlackElo "2422"]

1.c4 c5 2.Nf3 Nc6 3.Nc3 g6 4.e3 Nf6 5.d4 cxd4 6.exd4 d5 7.cxd5 Nxd5 8.Qb3 e6
9.Bb5 Bg7 10.O-O O-O 11.Bxc6 bxc6 12.Na4 Qc7 13.Bd2 Rb8 14.Qa3 Rd8 15.Nc5 Rb5
16.Rac1 Ne7 17.Bg5 f6 18.Be3 Nf5 19.Rc4 Bf8 20.Qc3 Bxc5 21.Rxc5 Rxc5 22.Qxc5 Qb6
23.Qc3 Rd5 24.Rc1 Bb7 25.b3 Qa5 26.Qb2 Qb6 27.Qe2 Ba6 28.Qe1 Kf7 29.h3 Bb7
30.Qc3 Qa5 31.b4 Qa4 32.Nd2 a5 33.Rb1 Nd6 34.bxa5 Qxa5 35.Qc2 Rb5 36.Nb3 Qa4
37.Rc1 Rb4 38.Qe2 Qb5 39.Qe1 Rc4 40.Rb1 Qb4 41.Nd2 Qc3 42.Nxc4 Qxe1+ 43.Rxe1 Nxc4
44.Rb1 Ba6 45.Rb4 Bb5 46.a4 Ba6 47.Rb8  1-0

[Event "Gibraltar Masters 2019"]
[Site "Caleta ENG"]
[Date "2019.01.27"]
[Round "6.36"]
[White "Shachar,E"]
[Black "Ramirez,Alej"]
[Result "0-1"]
[WhiteElo "2391"]
[BlackElo "2567"]

1.Nf3 c5 2.e4 d6 3.d3 g6 4.g3 Bg7 5.Bg2 Nc6 6.O-O e5 7.c3 Nge7 8.a3 O-O 9.b4 h6
10.Bb2 Be6 11.Nbd2 b5 12.Rb1 a5 13.bxa5 Nxa5 14.d4 Bc4 15.Nxc4 Nxc4 16.dxc5 dxc5
17.Qb3 Qa5 18.Rfd1 Nc8 19.Bf1 N8d6 20.Bxc4 Nxc4 21.Kg2 Rfb8 22.Rd7 Qa6 23.Rd5 Qc6
24.Qc2 b4 25.cxb4 cxb4 26.Rc1 Rc8 27.Qb3 bxa3 28.Rxc4 Qxc4 29.Rd8+ Rxd8 30.Qxc4 axb2  0-1

[Event "Gibraltar Masters 2019"]
[Site "Caleta ENG"]
[Date "2019.01.27"]
[Round "6.37"]
[White "Guichard,P"]
[Black "Vazquez Igarza,R"]
[Result "0-1"]
[WhiteElo "2378"]
[BlackElo "2567"]

1.Nf3 c5 2.c4 Nf6 3.Nc3 g6 4.d4 cxd4 5.Nxd4 Nc6 6.e4 d6 7.Be2 Nxd4 8.Qxd4 Bg7
9.Be3 O-O 10.Qd2 Be6 11.f3 Qa5 12.Rc1 Rfc8 13.Nd5 Qxd2+ 14.Kxd2 Nxd5 15.cxd5 Bd7
16.Rc2 Rxc2+ 17.Kxc2 f5 18.Kb3 fxe4 19.fxe4 a6 20.Rc1 Rc8 21.Rxc8+ Bxc8 22.Kb4 Bxb2
23.Ka5 Bd7 24.Kb6 Ba4 25.Bd3 Bc3 26.Kxb7 a5 27.Ka6 Bd1 28.Kb5 a4 29.Kc4 Be1
30.Bd4 Kf7 31.Bc3 Bxc3 32.Kxc3 Kf6 33.Kd4 a3 34.Bb1 h6 35.h3 g5 36.g3 Bf3
37.h4 gxh4 38.gxh4 Bd1 39.Ke3 Ke5 40.Kd2 Bh5 41.Ke3 Bf7 42.Kd3 Kf4 43.Bc2 Bg6
44.Kd4 Bh5 45.Bd3 Bd1 46.Bb1 h5 47.Kc3 Kg3 48.e5 dxe5 49.Kb4 Bf3 50.Kxa3 e4  0-1

[Event "Gibraltar Masters 2019"]
[Site "Caleta ENG"]
[Date "2019.01.27"]
[Round "6.38"]
[White "Lagno,Kateryna"]
[Black "Kiik,K"]
[Result "1-0"]
[WhiteElo "2560"]
[BlackElo "2410"]

1.e4 c5 2.Nf3 e6 3.d4 cxd4 4.Nxd4 Nc6 5.Nc3 a6 6.Be2 Qc7 7.O-O b5 8.Nxc6 dxc6
9.a4 Rb8 10.f4 b4 11.Nb1 Nf6 12.Nd2 Bc5+ 13.Kh1 O-O 14.e5 Nd5 15.Ne4 Qa7
16.Bd3 f5 17.exf6 gxf6 18.Nxc5 Qxc5 19.Bxh7+ Kf7 20.f5 e5 21.Bh6 Bd7 22.Bxf8 Rxf8
23.Rc1 Ke7 24.Qh5 Kd8 25.Bg6 Kc7 26.c4 bxc3 27.bxc3 Rb8 28.Qh7 Rd8 29.Qh4 Rf8
30.c4 Nb4 31.Rfd1 Bc8 32.a5 Qe7 33.c5 Nd5 34.Rxd5 cxd5 35.Qb4  1-0